000 01420nam a2200325Ia 4500
999 _c54246
_d54246
001 21302
003 GE_BSU
005 20211021171645.0
008 181216s2017||||ru |||||||||||||| ||rus||
020 _a9785756708691
040 _cGE_BSU
041 _arus
080 _a327 И-90
100 _aБорисов, А.Ю.
_912712
245 _aИстория Международных Отношений : Т2. Межвоенный период и вторая мировая война:
_bУчебник /
_cА. Ю. Борисов, Н.Е. Клейменова и др. ; Под. ред. : А. В.Торкунова, М. М. Наринского.
250 _a2-е изд.
264 _aМосква :
_bАспект-Пресс,
_c2017.
300 _a496 стр. ;
_c24 см.
500 _aХронолог-я таблица стр. 473-496
541 _h120 Л.
653 _aИстория Международных Отношений
653 _aМежвоенный период и вторая мировая война
653 _aПолитика
653 _aპოლიტიკა
700 _aКлейменова, Н.Е.
_eАвтор
_912713
700 _aТоркунов, А. В.
_eРедактор
_912714
700 _aНаринский, М.М.
_eРедактор
_912715
710 _aМосковский гос. ин-т междунар. отнош.
_912464
942 _cBK
_2udc